000
00335nam a22001457a 4500
008
221020b ||||| |||| 00| 0 eng d
020
_a
9780781780261
041
_a
eng
080
_2
SIXTH EDITION
_a
610.73
082
_a
610.73 CRA
100
_a
8
101
_a
INF
245
_a
FUNDAMENTALS OF NURSING
_c
CRAVEN R
942
_2
udc
_c
BK
999
_c
58618
_d
58618